| 000 -LEADER |
| fixed length control field |
00698nam a22001337a 4500 |
| 040 ## - CATALOGING SOURCE |
| Transcribing agency |
RUA |
| 082 ## - DEWEY DECIMAL CLASSIFICATION NUMBER |
| Classification number |
VEM MAO 2024 B1.330 Or.1 |
| 100 ## - MAIN ENTRY--AUTHOR NAME |
| Personal name |
MAO VANCHHAI, ម៉ៅ វ៉ានឆៃ |
| 245 ## - TITLE STATEMENT |
| Title |
Gastro-Intestinal parasite in Gibbon at phnom tamao zoological park, protected forest and proretum,បរាសិតក្នុងក្រពះពោះវៀនទោចនៅឧទ្យានសួនសត្វព្រៃការពារ និងសួនភូតគាម "ភ្នំតាម៉ៅ |
| 260 ## - PUBLICATION, DISTRIBUTION, ETC. (IMPRINT) |
| Place of publication |
PHNOM PENH |
| Name of publisher |
RUA |
| Year of publication |
2024 |
| 300 ## - PHYSICAL DESCRIPTION |
| Number of Pages |
ix, |
| Other physical details |
ill, |
| Dimensions |
29cm, |
| 856 ## - ELECTRONIC LOCATION AND ACCESS |
| Uniform Resource Identifier |
https://drive.google.com/file/d/1MWgZ-rCcixu4SiMc3G20L-e8jgUAxVjo/view?usp=sharing |
| 942 ## - ADDED ENTRY ELEMENTS (KOHA) |
| Koha item type |
VEM |
| 952 ## - LOCATION AND ITEM INFORMATION (KOHA) |
| Withdrawn status [LOCAL, KOHA] |
0 |
| 952 ## - LOCATION AND ITEM INFORMATION (KOHA) |
| Withdrawn status [LOCAL, KOHA] |
0 |